000 00668nam a2200241Ia 4500
003 OSt
005 20221005081811.0
006 a|||||r|||| 00| 0
007 ta
008 221004b |||||||| |||| 00| 0 eng d
024 _a72007
037 _cTextual
040 _aCRL
_cCRL
_beng
041 _2eng
_aeng
082 _aV4498:192.N9, N4
100 _aBose Sumantra
245 0 _aStates, nations, sovereignty
_b Sri Lanka India and the Tamil Eelam Movement.
260 _aNew Delhi
_bSage 1994
_c1994
300 _a236p.
_ccm.
650 _aHISTORY
942 _hV4498:192.N9, N4
_cTEXL
_2cc
999 _c988275
_d988275